Nickelodeon Cartoons - Statistics

General Stats
  • This quiz has been taken 470 times
    404 since last reset
  • The average score is 15 of 77
Answer Stats
Hint Answer % Correct
1999 Spongebob Squarepants
92%
1991 Rugrats
65%
2001 The Fairly Odd Parents
57%
1996 Hey Arnold!
55%
1998 CatDog
51%
2016 The Loud House
46%
2004 Danny Phantom
42%
1991 Doug
42%
2005 Avatar The Last Airbender
39%
2012 Teenage Mutant Ninja Turtles
39%
2001 Invader Zim
34%
1993 Rocko's Modern Life
34%
1998 The Wild Thornberrys
34%
1999 Rocket Power
32%
1997 The Angry Beavers
28%
2003 My Life As A Teenage Robot
27%
1991 The Ren & Stimpy Show
27%
2010 Tuff Puppy
27%
1994 Aaahh Real Monsters
26%
2003 All Grown Up!
26%
2009 Fanboy & Chum Chum
26%
2000 As Told By Ginger
25%
2013 Sanjay And Craig
25%
2012 The Legend Of Korra
25%
2014 Breadwinners
24%
2021 The Patrick Star Show
23%
2000 Dora The Explorer
22%
2010 Planet Sheen
22%
2002 ChalkZone
21%
1996 Blues Clues
20%
2002 Jimmy Neutron Boy Genius
20%
2008 The Mighty B!
20%
2007 Back At The Barnyard
19%
2019 The Casagrandes
19%
2005 Catscratch
18%
2017 Bunsen Is A Beast
14%
1996 KaBlam!
14%
2015 Harvey Beaks
13%
2015 Pig Goat Banana Cricket
12%
2012 Robot And Monster
12%
2007 Tak And The Power Of Juju
12%
2018 The Adventures Of Kid Danger
12%
2008 The Penguins Of Madagascar
12%
2005 Go, Diego, Go!
10%
2004 The Backyardigans
10%
2017 Welcome To The Wayne
10%
2006 Wonder Pets!
10%
2007 El Tigre The Adventures Of Manny Rivera
9%
2011 Kung Fu Panda Legends Of Awesomeness
9%
2005 The X's
9%
2011 Winx Club
9%
2022 Big Nate
8%
1998 Oh Yeah! Cartoons
8%
2001 Oswald
8%
2018 Rise Of The Teenage Mutant Ninja Turtles
8%
2020 It's Pony
7%
1999 Little Bill
7%
2023 Rock, Paper, Scissors
7%
2021 Middlemost Post
6%
2022 Monster High
6%
2008 Ni Hao, Kai-Lan
6%
2014 Blaze And The Monster Machines
5%
2021 Kamp Koral SpongeBob's Under Years
5%
202? Garfield
4%
2020 Glitch Techs
4%
1995 Little Bear
4%
2008 Making Fiends
4%
2023 Max & The Midknights
3%
2008 Random! Cartoons
3%
2021 Rugrats (2021)
3%
2022 Transformers EarthSpark
3%
2019 Blue's Clues & You!
2%
2014 Dora And Friends Into the City!
2%
2019 Middle School Moguls
2%
2019 Pinky Malinky
2%
2020 Santiago Of The Seas
1%
2004 Maya & Miguel
0%
No matching quizzes found
Score Distribution
Percent of People with Each Score
Percentile by Number Answered
Your Score History
You have not taken this quiz since the last reset